Quizzes
Events
Quiz Creation
Community
Videos
Private Events
Remove Ads
Sign In
Join for FREE
Feedback
Dark Mode
Quiz Categories
Sports
Geography
Music
Movies
Television
Just For Fun
Miscellaneous
History
Literature
Language
Science
Gaming
Entertainment
Religion
Holiday
For Kids
Quiz Lab
Recent
Popular Today
Quiz Kudos Today
Editor Picks
Curator Picks
Quizzes by...
Day
Popularity
Type
Ratings
Length
Year
Community
Subscriptions
Recent Discussions
Orange Saloon
Badges
Playlists
Quests
Create
Leaderboards
Showdown
Live 5
Trivia Bingo
Activity
Puzzle Library
Sporcle Events
Private Events
Virtual Trivia
Globe League
Become a Host
Pub Owners
SporcleCon
Opinionation
Our Games
Videos
Blog
Mobile Apps
Partnerships
Remove Ads and Go Orange
Feedback
Sports
Athletes
MLB
NBA
NHL
NFL
Soccer
Sports Teams
WWE
NCAA
Football
Premier League
Basketball
Baseball
Hockey
Golf
Tennis
Cricket
Rugby
Auto Racing
Olympics
World Cup
Sports
Athletes
MLB
NBA
NHL
NFL
Soccer
Sports Teams
WWE
NCAA
Football
Premier League
Basketball
Baseball
Hockey
Golf
Tennis
Cricket
Rugby
Auto Racing
Olympics
World Cup
Random Quiz
Search Sporcle
×
Quiz Lab
Quiz Lab
Sports
Basketball
Type in answers that appear in a list
Type in answers that appear in a list
Classic
Best Score? Go Orange.
Unique NBA Jersey Numbers By Franchise Stats
Can you name the NBA players who were the only ones who wore a given number for their teams?
By
notjames116
6m
35 Questions
65 Plays
65 Plays
65 Plays
Comments
Comments
Give Quiz Kudos
Give Quiz Kudos
-
- Ratings
hide this ad
More Info
Replay
Link that replays current quiz
Next Quiz
Link to next quiz in quiz playlist
You Got
0%
They Got
Avg Score
33%
Avg Friend Score
Upgrade to see
Score Distribution
Jump to the score distribution portion of the page
Score
0/35
Timer
06:00
0
Plays Today
Team
Player
% Correct
Boston Celtics
Robert Parish (1981-1994)
81.5%
Washington Wizards
Gilbert Arenas (2004-2010)
78.5%
Milwaukee Bucks
Kareem Abdul-Jabbar (1970-1975)
67.7%
Minneapolis Lakers
George Mikan (1949-1956)
66.2%
Memphis Grizzlies
Pau Gasol (2002-2008)
61.5%
Orlando Magic
Horace Grant (1995-2003)
60%
Utah Jazz
Andrei Kirilenko (2002-2011)
60%
San Francisco/
Golden State Warriors
Rick Barry (1966-1978)
55.4%
Philadelphia 76ers
Moses Malone (1983-1994)
55.4%
Charlotte Bobcats
Gerald Wallace (2005-2011)
53.8%
Portland Trail Blazers
Nicolas Batum (2009-2014)
46.2%
Boston Celtics
K.C. Jones (1959-1967)
41.5%
Cleveland Cavaliers
Bingo Smith (1971-1980)
41.5%
Dallas Mavericks
Brad Davis (1981-1992)
38.5%
Phoenix Suns
Walter Davis (1978-1988)
38.5%
Dallas Mavericks
Derek Harper (1984-1997)
32.3%
Dallas Mavericks
Rolando Blackman (1982-1992)
32.3%
San Diego/
Houston Rockets
Calvin Murphy (1971-1983)
29.2%
Team
Player
% Correct
Seattle SuperSonics
Fred Brown (1972-1984)
27.7%
Phoenix Suns
Dan Majerle (1989-2002)
26.2%
Utah Jazz
Raja Bell (2004-2012)
26.2%
San Diego/
Houston Rockets
Rudy Tomjanovich (1971-1981)
24.6%
St. Louis/
Atlanta Hawks
Lou Hudson (1967-1977)
20%
Washington Wizards
Etan Thomas (2002-2009
18.5%
Cleveland Cavaliers
Austin Carr (1973-1983)
16.9%
Cincinnati Royals
Jack Twyman (1958-1966)
16.9%
Portland Trail Blazers
Lloyd Neal (1973-1979)
12.3%
Kansas City Kings
Sam Lacey (1971-1982)
9.2%
Miami Heat
Grant Long (1989-1995)
7.7%
Atlanta Hawks
Cliff Livingston (1985-1990)
6.2%
Milwaukee Bucks
Jon McGlocklin (1969-1976)
6.2%
Phoenix Suns
Dick van Arsdale (1969-1977)
6.2%
Milwaukee Bucks
Brian Winters (1976-1983)
4.6%
Baltimore/
Washington Bullets
Phil Chenier (1972-1980)
4.6%
Rochester Royals
Bobby Wanzer (1949-1955)
1.5%
Quiz Playlist
Details
Report
Send in Message
Add To Playlist
More Info:
Only players who were the only ones to wear their number for their franchise and who wore the number for at least five years appear in the quiz.
Classic:
Type in answers that appear in a list
Quiz Source
Last Updated: Feb 16, 2017
Quiz Scoreboard
CHALLENGE
Sign Up to Join the Scoreboard
Show All
Scores
Hide
Comments
May contain spoilers
Recently Published
Pick 6: Fruits
by JohnFran
Miscellaneous
15s
Click the 1999 NBA Draft
by nibperrychub
Sports
2m
Alphabetical 'K' Countries by Flag Minefield
by ylime102
Geography
3m
More to Explore
Quiz From the Vault
Featured Blog Post
15 Basketball Trivia Facts You Can Be March Mad About
hide this ad
You Might Also Like...
Tags
Basketball Quiz
NBA Quiz
NBA Player
NBA Teams
Today's Top Quizzes in Sports
Browse Sports
hide this ad
Today's Top Quizzes in Basketball
Browse Basketball
Top Contributed Quizzes in Sports
1
Les joueurs à 100 buts en Ligue 1 Uber Eats
2
2022 World Cup Stars
3
Millionaire: NBA Finals Edition
4
2024 March Madness Bracket
5
Players with Multiple 50 Home Run Seasons
6
Criteria MLB: Left Handed Sluggers
7
Nickname Match: Athletes VI
8
Iconic Moments in Football - Multiple Choice
9
NFL MVPs ordered
10
NBA Championships Per City
Explore More
Trending Topics
Marvel
Harry Potter
Disney
Anime
Crossword
NBA
Kpop
Soccer
Song
Puzzle
The Office
NFL
Pokémon
Country
WWE
hide this ad
More By:
notjames116
Quiz
Plays
Rating
Category
Featured
Created
Breaking Bad Follow That Line 2
6,366
4.52
Television
Sep 28, 2013
BCS #1 Teams (Minefield)
312
Sports
Dec 7, 2013
NCAA Bowl Sponsors
118
Sports
Dec 4, 2009
Earthworm Jim 2 Game Show Questions
93
4.00
Gaming
Sep 13, 2012
NBA Players by School
85
Sports
Mar 19, 2012
Go to Creator's Profile
Score Distribution
Quiz Creator Spotlight
notjames116
Follow
Send a Message
Quizzes Created
-
Created Quiz Play Count
-
More By This Creator
Popular Quizzes Today
1
Countries of Asia Without Outlines Minefield
2
Pick 6: Fruits
3
Find the US States - No Outlines Minefield
4
Alphabetical 'K' Countries by Flag Minefield
5
Click the 1999 NBA Draft
6
The Countries of the World
7
Match the Book to the Film X
8
Find the US States
More Sports Quizzes
Man United's transfers over the years
Quiz Lab
Trending Quizzes
Donkey Kong Minefield
Multiplication Danger Zone
DC Extended Universe: Oldest to Newest
The 3rd Thing You Need to Know: Actresses
Minefield Map: North American Capitals
Recently Updated
Women's Final Four Teams by Year
bhenderson79
Presidents Quartet II
eogle
Anything But Clue(do)
eogle
Anything But Oceanian Capitals
eogle
Anything But 7
eogle
Anything But Thing
eogle
Word Ladder: February 29
pecheneg
Song Title Questions
pecheneg
Women's NCAA Tournament #1 Seeds
pecheneg
Celebrity Mug Shots
pecheneg
Trending Topics
Disney
Harry Potter
Anime
Crossword
Kpop
NBA
Marvel
Country
Song
Pokémon
Soccer
The Office
WWE
Puzzle
NFL
Your Account Isn't Verified!
In order to create a playlist on Sporcle, you need to verify the email address you used during registration. Go to your
Sporcle Settings
to finish the process.
Report this User
Report this user for behavior that violates our
Community Guidelines
.
Details:
Send Report
Go to the Sporcle.com Mobile Site →
Comments